La Economía de la provincia de Barcelona / Diputación Provincial de Barcelona. Gabinete Técnico
Descripción Física:
59 f. : il., amb map. pleg. ; 30 cm
MARC
| LEADER | 00000nam a2200000Ia 4500 | ||
|---|---|---|---|
| 001 | 1593 | ||
| 003 | BGR | ||
| 005 | 20260324175219.0 | ||
| 008 | 160829s1975 xx 000 0 cat d | ||
| 080 | |a M-1-95 | ||
| 110 | 1 | |a Barcelona (Catalunya : Província). |b Diputació |9 52408 | |
| 245 | |a La Economía de la provincia de Barcelona / Diputación Provincial de Barcelona. Gabinete Técnico | ||
| 260 | |a Barcelona : |b Diputació, |c 1975 | ||
| 300 | |a 59 f. : |b il., amb map. pleg. ; |c 30 cm | ||
| 651 | 0 | |a Barcelona (Catalunya : Província) |x Condicions econòmiques |9 54161 | |
| 901 | |a Arxiu | ||
| 942 | |n 1 |2 udc |c MON | ||
| 952 | |0 0 |1 0 |4 0 |6 M195 |7 1 |9 41674 |a Arxiu |b Arxiu |d 2016-12-01 |l 0 |o M-1-95 |p 1593 |r 2016-12-01 00:00:00 |w 2016-12-01 |y ARXIU | ||
| 999 | |c 43564 |d 43564 | ||